India's rebirth: a selection from Sri Aurobindo's writings, talks and speeches (Record no. 490105)

000 -LEADER
fixed length control field 00455cam a22001337a 4500
008 - FIXED-LENGTH DATA ELEMENTS--GENERAL INFORMATION
fixed length control field 180718b1997 xxu||||| |||| 00| 0 eng d
020 ## - INTERNATIONAL STANDARD BOOK NUMBER
International Standard Book Number 8185137277
082 ## - DEWEY DECIMAL CLASSIFICATION NUMBER
Classification number A99 G346
100 ## - MAIN ENTRY--PERSONAL NAME
Personal name Ghosh, Aurobindo
245 ## - TITLE STATEMENT
Title India's rebirth: a selection from Sri Aurobindo's writings, talks and speeches
Statement of responsibility, etc. by Aurobindo Ghosh
260 ## - PUBLICATION, DISTRIBUTION, ETC.
Place of publication, distribution, etc. Paris
Name of publisher, distributor, etc. Institute De Recherches Evolutives
Date of publication, distribution, etc. 1997
300 ## - PHYSICAL DESCRIPTION
Extent 271p.
650 ## - SUBJECT ADDED ENTRY--TOPICAL TERM
Topical term or geographic name entry element Ghosh, Aurbindo - Speeches, addresses, etc.
Holdings
Withdrawn status Lost status Damaged status Not for loan Permanent Location Current Location Date acquired Total Checkouts Full call number Barcode Date last seen Date last checked out Price effective from Koha item type
        Indian Institute of Public Administration Indian Institute of Public Administration 2018-08-04 1 A99 G346 GR15392 2023-10-03 2023-08-03 2018-08-04 GR

Powered by Koha